000 00538nam 2200157 4500
001 5923
090 _a5923
100 _a20190729k u||y0frey50 ba
101 _afre
_ceng
200 _aSanté vaginale et infections
_bBrochure
_f[Sarah Berndt]
210 _aOutaouais (Québec)
_cCentre de santé des femmes
_d[198?]
215 _a18 p.
_d22 cm
300 _aTrad. partielle de : Vaginal Health / Sarah Berndt. - New Hampshire Feminist Health Center. - Bibliogr.
606 _9616
_aGynécologie
700 _96754
_aBerndt
_bSarah
801 _aCH
_bCH-002049-8